| 000 | 00682nam a2200217Ia 4500 | ||
|---|---|---|---|
| 003 | IN-BaIIA | ||
| 008 | 211028s9999 xx 000 0 eng d | ||
| 020 | _a3-540-09036-3 | ||
| 040 | _cIIA Library | ||
| 080 |
_a535.375 _bRAM |
||
| 245 | 0 |
_aRaman spectroscopy of gases and liquids _cedited by A. Weber |
|
| 260 |
_aBerlin _bSpringer-Verlag _c1979 |
||
| 300 | _ax, 318p. | ||
| 650 |
_aAstronomical spectroscopy _91729 |
||
| 650 | _aAstronomy and astrophysics thesaurus | ||
| 650 |
_aGases spectra _911328 |
||
| 650 |
_aMolecular spectra _91778 |
||
| 650 |
_aRaman spectroscopy _95172 |
||
| 700 |
_aWeber, A., ed. _911329 |
||
| 942 | _cBK | ||
| 999 |
_c6614 _d6614 |
||